00934nam a22002057a 4500999001700000003000900017008004100026040007100067082002200138100001600160245004700176260003000223300002900253505036000282650002500642650001700667650002000684942001600704945000800720 c21037d21037AR-CdUCM190725b ||||| |||| 00| 0 spa d aMUNICIPALIDAD PROVINCIAL DEL CUSCOcBIBLIOTECA MUNICIPAL DEL CUSCO 25 ed.a080 /bN89 aNueda, Luis aMil librosb(recuerdos bibliográficos) / aMadrid :bAguilar,c1956. a1423 páginas ;c24 cm. aContenido : Reseñas claras y fieles del contenido de mas de un millar de volúmenes de ciencias, filosofía, religión, literatura: ensayos , novelas, teatro, etc. (414 autores; 1148 obras) Las doctrinas e hipótesis mas trascendentales en diversas materias los pensamientos mas bellos y profundos de los hombres mas eminentes de todos los tiempos. aBibliografía 9729 aEnsayos9375 aCiencias 98174 2ddccLIBROS azta